| 000 | 00647nam a2200229 i 4500 | ||
|---|---|---|---|
| 001 | bg | ||
| 100 | 1 | _aWISEMAN, Christa. | |
| 245 | 0 | 0 |
_aUnternehmen Deutsch : _bLehrerhandreichung / _cvon Christa Wiseman, Heather Jones. |
| 260 |
_aLondon : _bChancerel, _ccop.2001. |
||
| 300 |
_a20 s. ; _c28 cm. |
||
| 650 | 9 | _aJęzyk niemiecki | |
| 655 | _aPodręczniki akademickie | ||
| 700 | 1 | _aJONES, Heather. | |
| 020 | _a3126756700 | ||
| 040 | _cBPK | ||
| 041 | 0 | _ade | |
| 080 | _a811.112.2(075.8) | ||
| 920 | _a3-12-675670-0 | ||
| 942 | _cKS | ||
| 008 | s pl f |000 0 pol | ||
| 999 |
_c38781 _d38781 |
||
| 856 |
_uhttp://koha.tu.koszalin.pl/cgi-bin/koha/opac-detail.pl?biblionumber=38781 _yKatalog online BPK |
||